LIBRARY ONLINE CATALOGUE

MCQs in general pathology / (Record no. 12217)

MARC details
000 -LEADER
fixed length control field 00658nam a22002172 4500
001 - CONTROL NUMBER
control field 0000023991
005 - DATE AND TIME OF LATEST TRANSACTION
control field 20151217155235.0
008 - FIXED-LENGTH DATA ELEMENTS--GENERAL INFORMATION
fixed length control field 130424s xx 000 0 eng d
020 ## - INTERNATIONAL STANDARD BOOK NUMBER
International Standard Book Number 0443054193 :
040 ## - CATALOGING SOURCE
Original cataloging agency KABU
Transcribing agency KABU
100 1# - MAIN ENTRY--PERSONAL NAME
Personal name Smiddy, F. G.
-- 0000183851
245 10 - TITLE STATEMENT
Title MCQs in general pathology /
Statement of responsibility, etc. F. G. Smiddy, J. L. Turk.
250 ## - EDITION STATEMENT
Edition statement 2nd ed.
260 ## - PUBLICATION, DISTRIBUTION, ETC. (IMPRINT)
Place of publication, distribution, etc. London :
Name of publisher, distributor, etc. Churchill Livingstone,
Date of publication, distribution, etc. 1997.
300 ## - PHYSICAL DESCRIPTION
Extent xi, 306 p.
650 #0 - SUBJECT ADDED ENTRY--TOPICAL TERM
Topical term or geographic name as entry element Pathology
General subdivision Examinations, questions, etc.
-- 0000183749
700 1# - ADDED ENTRY--PERSONAL NAME
Personal name Turk, J. L.
-- 0000183852
852 1# - LOCATION
-- p400 KES
908 ## - PUT COMMAND PARAMETER (RLIN)
Put command parameter 130424
950 ## - LOCAL HOLDINGS (RLIN)
-- 1
Holdings
Withdrawn status Lost status Source of classification or shelving scheme Not for loan Home library Current library Date acquired Total Checkouts Total Renewals Full call number Barcode Date last seen Date last checked out Price effective from Koha item type
    Library of Congress Classification   Kabarak, Main Campus Kabarak, Main Campus 17/12/2015 19 1 RB119 .S65 1997 c. 1 015096 03/10/2022 21/09/2022 17/12/2015 General Collection